000 01098cam a2200133 4500500
005 20251214002633.0
041 _afre
042 _adc
100 1 0 _aHubert, Marie-Claude
_eauthor
245 0 0 _aLes grandes théories du théâtre
260 _bArmand Colin,
_c2021.
520 _aAnalyse textuelle, art de l’interprétation, esthétique de la réception, tels sont les différents modes d’approche du phénomène théâtral, qui sont dictés à chacun d’eux, tant par la problématique de la période à laquelle ils appartiennent que par leur pratique personnelle, philosophique, littéraire ou scénique. Accompagné d’un glossaire, d’une chronologie sur les théoriciens de l’esthétique théâtrale et d’un index des noms d’auteurs, ce livre constitue un outil de référence pour les étudiants de lettres, les candidats aux concours de recrutement, les élèves des cours d’art dramatique et pour tous ceux qui s’intéressent au théâtre.
856 4 1 _uhttps://shs.cairn.info/les-grandes-theories-du-theatre--9782200630430?lang=fr&redirect-ssocas=7080
999 _c1567256
_d1567256